000 00385nam a22001697a 4500
003 OSt
005 20211101090718.0
008 211101b |||||||| |||| 00| 0 eng d
020 _a085046283
040 _cHU
082 _a305.48/FLA
100 _aPATRICIA BELL
_916371
245 _aFLAT FOOTED TRUTBS
260 _aNEW YORK
_bHALL
_c1998
300 _a230P
942 _2ddc
_cBOOKS
_n0
999 _c15985
_d15985